| 000 | 01292nam a2200373 i 4500 | ||
|---|---|---|---|
| 001 | 15650 | ||
| 003 | ES-MaACL | ||
| 005 | 20250802063058.0 | ||
| 007 | t| | ||
| 008 | 000504s1993 sp ||||1| spa d | ||
| 017 | _aM 18521-1993 | ||
| 020 | _a84-7100-621-9 | ||
| 080 | _a94(460=411.21)"711/1492" | ||
| 100 | 1 |
_aVernet, Juan, _d1923-2011 _eaut _9114171 |
|
| 245 | 1 | 3 |
_aEl Islam en España / _cJuan Vernet |
| 260 |
_aMadrid : _bMAPFRE, _c[1993] |
||
| 300 |
_a292 páginas ; _c23 cm. |
||
| 490 | 1 |
_aColección América 92 ; _v15 _9178984 |
|
| 490 | 1 |
_aColecciones MAPFRE 1492 _9241455 |
|
| 500 | _aÍndices | ||
| 500 | _aEn cub.: Colecciones MAPFRE 1492 | ||
| 530 | _aDisponible en formato digital | ||
| 650 | 4 |
_aMusulmanes- _zEspaña- _xHistoria _9147395 |
|
| 651 | 4 |
_aAl-Andalus- _xHistoria _97609 |
|
| 710 | 2 |
_aFundación MAPFRE América _eisb _94363 |
|
| 710 | 2 |
_aFundación MAPFRE _eedt _94362 |
|
| 830 | 0 |
_aColección América 92 ; _v15 _9178984 |
|
| 830 | 0 |
_aColecciones MAPFRE 1492 _9241455 |
|
| 852 |
_aES-MaACL _bR.124103 _cDEPO2 _jL-23010 |
||
| 856 |
_uhttps://archive.org/details/vernet-juan.-el-islam-en-espana-1993 _yVersión en línea _z(Internet Archive) |
||
| 942 |
_2udc _cMONOGRAFIA _n0 |
||
| 999 |
_c15650 _d15650 |
||